00693naa a2200229 i 450000100060000000300090000600500170001500800410003202100070007303500220008004000130010204100080011504300080012310000350013124500610016665100210022765000340024877300990028294200090038199900170039095200560040791287ES-MaBCM20241016125749.0030613s2003 esp 000 0 spa d axx a(OCoLC)1365147619 cES-MaBCM0 aspa aesp1 aGuerrero Salom, Enrique92065510aEl bloqueo de las reformas políticascEnrique Guerrero24aEspaña911534227aSituación política9602830 aEn:tClaves de razón prácticadMadrid : 2003w104741gn. 14, junio, p. 62-66. - Loc. S.228 cAREV c91287d91287 00104070aBCbBCd2012-04-21l0w2012-04-21yAREV